Dispositivos semiconductores. Curso introductorio de actualización sobre teoría y aplicación de los dispositivos semiconductores
Сохранить в:
| Формат: | |
|---|---|
| Язык: | Spanish |
| Опубликовано: |
México : Editorial Trillas
1974
|
| Предметы: | |
| Метки: |
Добавить метку
Нет меток, Требуется 1-ая метка записи!
|
MARC
| LEADER | 00000nam a2200000Ia 4500 | ||
|---|---|---|---|
| 003 | 000591 | ||
| 005 | 20221231144013.0 | ||
| 008 | 140114s1974 mx a 000 ||spa d | ||
| 040 | |c cru CEDI | ||
| 082 | |a 621.381.52 D612d | ||
| 245 | |a Dispositivos semiconductores. Curso introductorio de actualización sobre teoría y aplicación de los dispositivos semiconductores | ||
| 260 | |a México : Editorial Trillas |c 1974 | ||
| 300 | |a 384[2] páginas; ilustraciones | ||
| 650 | |x SEMICONDUCTORES |x DISPOSITIVOS ELECTROOPTICOS |9 19164 | ||
| 942 | |2 ddc |c BK | ||
| 999 | |c 15487 |d 15487 | ||
